书目信息 |
| 题名: |
不知道会被人笑话的700个熟语典故
|
|
| 作者: | 周丽娜 , 孙文霞 编著 | |
| 分册: | ||
| 出版信息: | 武汉 武汉出版社 2009.07 |
|
| 页数: | 236页 | |
| 开本: | 24cm | |
| 丛书名: | ||
| 单 册: | ||
| 中图分类: | H136.6-49 | |
| 科图分类: | ||
| 主题词: | 汉语--han yu--熟语--典故--通俗读物 | |
| 电子资源: | ||
| ISBN: | 978-7-5430-4275-9 | |
| 000 | 00914nam0 2200241 450 | |
| 001 | 012010297379 | |
| 005 | 20100601173610.36 | |
| 010 | @a978-7-5430-4275-9@dCNY26.80 | |
| 100 | @a20100601d2009 em y0chiy0120 ea | |
| 101 | 0 | @achi |
| 102 | @aCN@b420000 | |
| 105 | @aa z 000yy | |
| 106 | @ar | |
| 200 | 1 | @a不知道会被人笑话的700个熟语典故@Abu zhi dao hui bei ren xiao hua de 700 ge shou yu dian gu@f周丽娜, 孙文霞编著@Fzhou li na,sun wen xia bian zhu |
| 210 | @a武汉@c武汉出版社@d2009.07 | |
| 215 | @a236页@c图@d24cm | |
| 330 | @a本书从常见常用的汉语语汇中,精心收录广为流传的熟词熟语及典故警句,从熟词探源、故事品读、古今意义三个方面分别对每个熟语的内涵及来源加以诠释和探求。 | |
| 606 | 0 | @a汉语@Ahan yu@x熟语@x典故@j通俗读物 |
| 690 | @aH136.6-49@v4 | |
| 701 | 0 | @a周丽娜@Azhou li na@4编著 |
| 701 | 0 | @a孙文霞@Asun wen xia@4编著 |
| 801 | 0 | @aCN@bQSSK@c20100601 |
| 905 | @b780917-19@dH136.6-49@eZ774@f3 | |
| 不知道会被人笑话的700个熟语典故/周丽娜, 孙文霞编著.-武汉:武汉出版社,2009.07 |
| 236页:图;24cm |
| ISBN 978-7-5430-4275-9:CNY26.80 |
| 本书从常见常用的汉语语汇中,精心收录广为流传的熟词熟语及典故警句,从熟词探源、故事品读、古今意义三个方面分别对每个熟语的内涵及来源加以诠释和探求。 |
| ● |
| 相关链接 |
|
|
|
正题名:不知道会被人笑话的700个熟语典故
索取号:H136.6-49/Z774
 
预约/预借
| 序号 | 登录号 | 条形码 | 馆藏地/架位号 | 状态 | 备注 |
| 1 | 780917 | 207809175 | 语言库209/209语言库 73排2列4层/ [索取号:H136.6-49/Z774] | 在馆 | |
| 2 | 780918 | 207809184 | 语言库209/209语言库 73排2列4层/ [索取号:H136.6-49/Z774] | 在馆 | |
| 3 | 780919 | 207809193 | 语言库209/209语言库 73排2列4层/ [索取号:H136.6-49/Z774] | 在馆 |